| 000 | 00746cab a2200241 4500 | ||
|---|---|---|---|
| 001 | WB3235-13 | ||
| 008 | 090401t1996 xxu||||| |||| 00| 0 eng d | ||
| 035 | _a(Sirsi) u1358 | ||
| 041 | _aeng | ||
| 245 | 4 | _aThe 24 hour city | |
| 260 | _c1996 | ||
| 350 | _a0 | ||
| 490 |
_aTimes _v18 September 1996, 3:9(2) |
||
| 520 | _aThe DoE has published draft planning guidelines stressing the importance of mixed-use development, hoping to bring back 24-hour life to city centres that have become deserted. | ||
| 650 | _aBRINDLEYPLACE | ||
| 650 | _aCITY CENTRES | ||
| 650 | _aFRIERN PARK | ||
| 650 | _aMIXED-USE DEVELOPMENTS | ||
| 650 | _aSOUTH SHIELDS RIVERSIDE | ||
| 690 | _aPROPERTY-PROPERTY DEVELOPMENT | ||
| 942 | _n0 | ||
| 948 | _c04/03/1997 | ||
| 999 |
_c746 _d746 |
||